000 00285nam a22001337a 4500
008 171005b xxu||||| |||| 00| 0 eng d
020 _a0393702944
041 _aeng
080 _22ND
_a519.9
100 _a48
101 _aPSI
245 _aGENOGRAMS
_cGOLDRICK,M.M
942 _2udc
_cBK
999 _c31890
_d31890